[Event "10. Longericher Sommer-Open A"]
[Site "?"]
[Date "2013.07.19"]
[Round "1.1"]
[White "Rotstein, Arkadij"]
[Black "Gutt, Oswald"]
[Result "1-0"]
[WhiteElo "2498"]
[BlackElo "2018"]
[PlyCount "71"]
[EventDate "2013.??.??"]
[WhiteTeam "SG Porz e.V."]
[BlackTeam "Bergische SF 1923 Ber"]

1. e4 e5 2. Nf3 Nc6 3. Bb5 Nf6 4. d3 d6 5. c3 Be7 6. O-O O-O 7. Re1 Bd7 8. Nbd2
Nb8 9. Bc4 b5 10. Bb3 a5 11. a4 c6 12. d4 Qc7 13. Nf1 bxa4 14. Bxa4 c5 15. dxe5
dxe5 16. Ne3 Bxa4 17. Qxa4 Nc6 18. Nd5 Nxd5 19. exd5 Nd8 20. Nxe5 Bd6 21. Nd7
Bxh2+ 22. Kh1 Nb7 23. Nxf8 Rxf8 24. Qc6 Bd6 25. b4 cxb4 26. cxb4 Qd8 27. bxa5
Bb4 28. Re4 Nxa5 29. Qc2 Qd6 30. Bf4 Qf6 31. Be5 Qh6+ 32. Kg1 Bd2 33. Rd4 Re8
34. Rxd2 Nb3 35. Qxb3 Qxd2 36. Qb5 1-0

[Event "10. Longericher Sommer-Open A"]
[Site "?"]
[Date "2013.07.19"]
[Round "1.2"]
[White "Speck, Stefan"]
[Black "Jesse, Ingemars"]
[Result "0-1"]
[WhiteElo "1998"]
[BlackElo "2320"]
[PlyCount "52"]
[EventDate "2013.??.??"]
[WhiteTeam "SC Solingen 1928 e.V."]
[BlackTeam "LSV Turm Lippstadt"]

1. d4 g6 2. c4 Bg7 3. Nf3 d6 4. Nc3 Nf6 5. h3 O-O 6. e4 c5 7. d5 b5 8. cxb5 a6
9. b6 Nbd7 10. Nd2 Nxb6 11. Nc4 a5 12. Bd2 e6 13. Bg5 exd5 14. Nxd5 Nbxd5 15.
exd5 h6 16. Bf4 g5 17. Bh2 Bb7 18. Be2 a4 19. O-O a3 20. Rb1 Bxd5 21. Bxd6 Re8
22. Bh2 axb2 23. Rxb2 Ne4 24. Nd6 Nxd6 25. Qxd5 Bxb2 26. Bh5 Re6 0-1

[Event "10. Longericher Sommer-Open A"]
[Site "?"]
[Date "2013.07.19"]
[Round "1.3"]
[White "Marcziter, Dmitrii"]
[Black "Lambertz, Michael"]
[Result "1-0"]
[WhiteElo "2283"]
[BlackElo "1985"]
[PlyCount "47"]
[EventDate "2013.??.??"]
[WhiteTeam "DJK Aufwärts St. Josef Aachen 19"]
[BlackTeam "SF Esch e.V."]

1. d4 Nf6 2. Nf3 d5 3. c4 c6 4. Nc3 e6 5. Bg5 Nbd7 6. cxd5 exd5 7. e3 Bd6 8.
Bd3 Qb6 9. Qc2 h6 10. Bh4 O-O 11. O-O-O c5 12. g4 cxd4 13. Nxd4 Nxg4 14. Rhg1
Nc5 15. Bf5 Ne5 16. f4 Bxf5 17. Nxf5 Ng6 18. Nxd5 Qa5 19. Nxd6 Qxa2 20. Qxc5
Nxh4 21. Qc3 Qa1+ 22. Kc2 Qa4+ 23. Kb1 f6 24. Qc7 1-0

[Event "10. Longericher Sommer-Open A"]
[Site "?"]
[Date "2013.07.19"]
[Round "1.4"]
[White "Whitmire, James David"]
[Black "Mohaupt, Sascha"]
[Result "0-1"]
[WhiteElo "1968"]
[BlackElo "2179"]
[PlyCount "100"]
[EventDate "2013.??.??"]
[WhiteTeam "Post-Telekom SV 1925 Aachen e.V."]
[BlackTeam "SV Wermelskirchen 32"]

1. d4 Nf6 2. Nf3 g6 3. c4 Bg7 4. e3 d6 5. Nc3 O-O 6. Be2 Nbd7 7. O-O e5 8. Qc2
Re8 9. dxe5 dxe5 10. e4 c6 11. Bg5 h6 12. Be3 Qe7 13. Rad1 Nh5 14. Qc1 Kh7 15.
Ne1 Nhf6 16. Nd3 Nb6 17. Bc5 Qc7 18. b3 Nbd7 19. Be3 Nf8 20. Nb2 Ne6 21. g3 Nd4
22. Bxd4 exd4 23. Rxd4 Qb6 24. Rfd1 Ng4 25. Nba4 Qxd4 26. Rxd4 Bxd4 27. Bxg4
Bxg4 28. Qf4 Be6 29. e5 Bxe5 30. Qxe5 Bh3 31. Qxe8 Rxe8 32. f3 Rd8 33. Nc5 b6
34. N5e4 Bf5 35. Kf2 Bxe4 36. Nxe4 f5 37. Nc3 Rd2+ 38. Ke3 Rxh2 39. b4 Rc2 40.
Kd3 Rxc3+ 41. Kxc3 f4 42. gxf4 Kg7 43. Kd4 Kf6 44. Ke4 h5 45. f5 g5 46. b5 cxb5
47. cxb5 h4 48. Ke3 Kxf5 49. Kf2 Kf4 50. Kg2 Ke3 0-1

[Event "10. Longericher Sommer-Open A"]
[Site "?"]
[Date "2013.07.19"]
[Round "1.5"]
[White "Ljuboschiz, Alexander"]
[Black "Rokitta, Uwe"]
[Result "1-0"]
[WhiteElo "2167"]
[BlackElo "1968"]
[PlyCount "117"]
[EventDate "2013.??.??"]
[WhiteTeam "SK Altenkirchen"]
[BlackTeam "SC 1919 Siegburg e.V."]

1. e4 g6 2. d4 Bg7 3. Nf3 c5 4. Nc3 cxd4 5. Nxd4 Nc6 6. Be3 Nf6 7. Be2 O-O 8.
f4 d5 9. e5 Ne4 10. Nxe4 dxe4 11. Nxc6 bxc6 12. Qxd8 Rxd8 13. Bc4 Bf5 14. h3 h5
15. O-O Rd7 16. Kf2 Rad8 17. Ke2 Kf8 18. Rfd1 Ke8 19. Rxd7 Rxd7 20. Rg1 Rb7 21.
Bb3 h4 22. Rd1 g5 23. Rf1 g4 24. hxg4 Bxg4+ 25. Kf2 f6 26. Rh1 fxe5 27. Rxh4
exf4 28. Bxf4 Bd4+ 29. Be3 Bxe3+ 30. Kxe3 Bf5 31. g4 Bc8 32. g5 Rb5 33. Rh8+
Kd7 34. Rg8 Kc7 35. Kxe4 Bf5+ 36. Kf4 Rc5 37. c3 Bd3 38. g6 Rf5+ 39. Ke3 Bb1
40. Bf7 Rg5 41. Kf2 Kd6 42. Kf3 Ke5 43. Re8 Kf6 44. Rc8 Rc5 45. Rg8 Rg5 46. Ra8
a5 47. Ra6 Rc5 48. Ke3 e5 49. Be8 Bxg6 50. Rxc6+ Rxc6 51. Bxc6 Ke6 52. b4 axb4
53. cxb4 Kd6 54. Be4 Bf7 55. a4 Bb3 56. a5 Bc4 57. Bd3 Bd5 58. a6 Kc7 59. Be4
1-0

[Event "10. Longericher Sommer-Open A"]
[Site "?"]
[Date "2013.07.19"]
[Round "1.6"]
[White "Brecker, Hans-Jörg"]
[Black "Karimi, Farhad"]
[Result "0-1"]
[WhiteElo "1963"]
[BlackElo "2165"]
[PlyCount "72"]
[EventDate "2013.??.??"]
[WhiteTeam "SF Erkelenz 1959 e.V."]
[BlackTeam "Satranc Club 2000 e.V."]

1. d4 Nf6 2. Nf3 c5 3. c3 e6 4. g3 b6 5. Bg2 Bb7 6. O-O Be7 7. Re1 O-O 8. Nbd2
Ne4 9. Nxe4 Bxe4 10. Nd2 Bxg2 11. Kxg2 cxd4 12. cxd4 Bf6 13. Nf3 d5 14. b3 Qd7
15. Ne5 Qb7 16. Ba3 Rc8 17. Qd2 Bxe5 18. dxe5 Nd7 19. Bd6 Rc6 20. Rac1 Rac8 21.
Qg5 Nc5 22. f3 h6 23. Qf4 Qd7 24. h4 Qd8 25. Rh1 Nb7 26. Ba3 Rc2 27. Qe3 Rxa2
28. Rxc8 Qxc8 29. Rc1 Rc2 30. Rxc2 Qxc2 31. Bb4 Nc5 32. g4 Kh7 33. h5 a5 34.
Ba3 Nxb3 35. Qxb6 Qxe2+ 36. Qf2 Qd3 0-1

[Event "10. Longericher Sommer-Open A"]
[Site "?"]
[Date "2013.07.19"]
[Round "1.7"]
[White "Pick, Stefan"]
[Black "Weinmann-Musset, Manfred"]
[Result "1-0"]
[WhiteElo "2159"]
[BlackElo "1949"]
[PlyCount "117"]
[EventDate "2013.??.??"]
[WhiteTeam "SK Kerpen 64 e.V."]
[BlackTeam "Ford-SF Köln e.V."]

1. e4 c5 2. Nc3 e6 3. Bc4 a6 4. a4 Nc6 5. d3 Be7 6. f4 b6 7. Nf3 Bb7 8. O-O h6
9. Qe1 Nb4 10. Bb3 Rc8 11. f5 Nf6 12. e5 Nfd5 13. Qg3 Bf8 14. Ne4 exf5 15. Nd6+
Bxd6 16. Qxg7 Bf8 17. Qxh8 f4 18. Qg8 Qe7 19. Bxd5 Nxd5 20. c4 Ne3 21. Bxe3
fxe3 22. Rae1 Rc6 23. Qg3 Rg6 24. Qf4 h5 25. Qxe3 h4 26. Re2 Bh6 27. Qf2 h3 28.
g3 Rg4 29. Nd2 Rd4 30. Qf6 Qxf6 31. Rxf6 Bg7 32. Rxb6 Bg2 33. Rd6 Rxd6 34.
exd6+ Kd8 35. Rxg2 hxg2 36. b3 Be5 37. Ne4 f5 38. Ng5 Ke8 39. Kxg2 Bxd6 40. Kf3
Ke7 41. h4 Kf6 42. Nh3 Ke5 43. Ke3 Kf6 44. Nf4 Be5 45. Kf3 Kg7 46. Nd5 Kf7 47.
h5 Ke6 48. g4 fxg4+ 49. Kxg4 Kf7 50. Kf5 Bg3 51. h6 d6 52. a5 Be1 53. h7 Kg7
54. Ke6 Bxa5 55. Kxd6 Kxh7 56. Kxc5 Be1 57. Kb6 a5 58. c5 Bf2 59. Kb5 1-0

[Event "10. Longericher Sommer-Open A"]
[Site "?"]
[Date "2013.07.19"]
[Round "1.8"]
[White "Schwark, Mario"]
[Black "Dijkhuis, Tycho"]
[Result "0-1"]
[WhiteElo "1944"]
[BlackElo "2152"]
[PlyCount "62"]
[EventDate "2013.??.??"]
[WhiteTeam "SG Kalker/Deutze"]
[BlackTeam "Schaakclub Utrecht (NL)"]

1. d4 Nf6 2. c4 g6 3. Nc3 d5 4. Bf4 Bg7 5. e3 O-O 6. Nf3 c5 7. Rc1 Qa5 8. Qd2
dxc4 9. Bxc4 cxd4 10. exd4 Rd8 11. O-O Nc6 12. Nb5 Qxd2 13. Nxd2 Bf5 14. d5 Na5
15. d6 exd6 16. Nxd6 Nh5 17. Bxf7+ Kf8 18. Nxf5 Nxf4 19. Nxg7 Ne2+ 20. Kh1 Nxc1
21. Ne6+ Kxf7 22. Nxd8+ Rxd8 23. Rxc1 Rxd2 24. b4 Nc4 25. h4 b5 26. a4 a6 27.
Kg1 Rb2 28. axb5 axb5 29. Ra1 Rxb4 30. Ra7+ Kg8 31. g4 Ne5 0-1

[Event "10. Longericher Sommer-Open A"]
[Site "?"]
[Date "2013.07.19"]
[Round "1.9"]
[White "van der Valk, Niklas"]
[Black "Esser, Thomas"]
[Result "1-0"]
[WhiteElo "2106"]
[BlackElo "1942"]
[PlyCount "85"]
[EventDate "2013.??.??"]
[WhiteTeam "Godesberger SK 1929 e.V."]
[BlackTeam "Post-Telekom SV 1925 Aachen e.V."]

1. d4 d5 2. c4 c6 3. e3 Nf6 4. Qc2 e6 5. Nf3 a6 6. c5 Nbd7 7. b4 b5 8. a4 Rb8
9. Nbd2 Qc7 10. Bb2 Be7 11. Bd3 O-O 12. O-O Re8 13. Ne5 g6 14. f4 Nh5 15. g4
Ng7 16. Rf3 f5 17. Nxd7 Qxd7 18. g5 Bd8 19. Nb3 Re7 20. Rg3 Ne8 21. Kf2 Rf7 22.
Ke2 Nc7 23. Rg2 Ne8 24. Kd2 Nc7 25. h4 Ne8 26. Bc3 Rg7 27. Ra2 Rb7 28. Ra1 Qe7
29. axb5 axb5 30. Rh1 Ra7 31. Kc1 Qb7 32. h5 Qa8 33. Kb1 Kf7 34. Rgh2 Qb7 35.
hxg6+ hxg6 36. Rh8 Qa8 37. R1h6 Ra3 38. Bb2 Ra7 39. Qh2 Be7 40. R6h7 Bf8 41.
Qh6 Ba6 42. Be2 Rxh7 43. Qxf8# 1-0

[Event "10. Longericher Sommer-Open A"]
[Site "?"]
[Date "2013.07.19"]
[Round "1.10"]
[White "Jordans, Ralph"]
[Black "Freundlieb, Thomas"]
[Result "1-0"]
[WhiteElo "1939"]
[BlackElo "2097"]
[PlyCount "111"]
[EventDate "2013.??.??"]
[WhiteTeam "Ford-SF Köln e.V."]
[BlackTeam "SG Niederkassel"]

1. c4 d6 2. d4 e5 3. dxe5 dxe5 4. Qxd8+ Kxd8 5. Nf3 f6 6. Nc3 c6 7. Be3 Be6 8.
O-O-O+ Kc7 9. Nd2 Nd7 10. f3 Nb6 11. c5 Nd7 12. Nde4 b6 13. g4 b5 14. b3 Be7
15. h4 Nh6 16. Bh3 Nf7 17. Kb2 a5 18. Rc1 Nd8 19. Nd1 b4 20. Ndf2 Nb7 21. Nd3
Rhb8 22. Bd2 Bd5 23. g5 Bxe4 24. fxe4 Ndxc5 25. gxf6 gxf6 26. Be3 Nxd3+ 27.
exd3 Rg8 28. Rhg1 Rad8 29. Kc2 Bc5 30. Kd2 Bxe3+ 31. Kxe3 Kd6 32. Bf5 a4 33.
bxa4 Ra8 34. Bxh7 Rxg1 35. Rxg1 Rxa4 36. Bg8 Nc5 37. h5 Ra3 38. Rd1 Ra8 39. Rg1
Ra3 40. Bc4 Ra8 41. Rg6 Nd7 42. Kf3 Rh8 43. Kg4 Ke7 44. h6 Nf8 45. Rg7+ Kd6 46.
Kh5 Ne6 47. Bxe6 Kxe6 48. Kg6 Ra8 49. h7 Rxa2 50. h8=Q Rg2+ 51. Kh7 Rh2+ 52.
Kg8 Rxh8+ 53. Kxh8 c5 54. Kh7 f5 55. Rg6+ Kf7 56. exf5 1-0

[Event "10. Longericher Sommer-Open A"]
[Site "?"]
[Date "2013.07.19"]
[Round "1.11"]
[White "Beck, Gerald"]
[Black "Bieberle, Gerhart"]
[Result "1-0"]
[WhiteElo "2079"]
[BlackElo "1924"]
[PlyCount "91"]
[EventDate "2013.??.??"]
[WhiteTeam "SAbt TSV Haunstetten"]
[BlackTeam "Post-Telekom SV 1925 Aachen e.V."]

1. c4 b6 2. Nc3 g6 3. e4 Bg7 4. Nge2 e5 5. g3 Ne7 6. Bg2 Nbc6 7. O-O O-O 8. d3
d6 9. Be3 Bg4 10. f3 Bd7 11. d4 exd4 12. Nxd4 Rb8 13. f4 Nxd4 14. Bxd4 Qc8 15.
Bxg7 Kxg7 16. Qd4+ Kg8 17. Nd5 Nxd5 18. cxd5 Bh3 19. Bxh3 Qxh3 20. Rac1 Rbc8
21. Rc4 Rfe8 22. Rfc1 Qd7 23. Kg2 h5 24. h3 Qe7 25. Re1 f6 26. Rc3 Qg7 27. g4
f5 28. Qxg7+ Kxg7 29. e5 hxg4 30. hxg4 fxg4 31. Kg3 dxe5 32. fxe5 Red8 33. Rd3
Kf7 34. Kxg4 Ke7 35. Rh1 Rh8 36. Rdh3 Rxh3 37. Rxh3 Re8 38. Kg5 Rf8 39. Rh7+
Kd8 40. Kxg6 Rf2 41. Rf7 Rxb2 42. Kf5 Rh2 43. Rf8+ Kd7 44. e6+ Kd6 45. Rd8+ Kc5
46. e7 1-0

[Event "10. Longericher Sommer-Open A"]
[Site "?"]
[Date "2013.07.19"]
[Round "1.12"]
[White "Boschek, Hans-Joachim"]
[Black "Goldenstein, Arnd"]
[Result "1-0"]
[WhiteElo "1915"]
[BlackElo "2037"]
[PlyCount "73"]
[EventDate "2013.??.??"]
[WhiteTeam "SV 1922 Hilden"]
[BlackTeam "Klub Kölner SF e.V. 1"]

1. c4 Nf6 2. g3 c6 3. Bg2 d5 4. Nf3 Bf5 5. cxd5 cxd5 6. Qb3 Qc8 7. Nc3 e6 8. d3
Be7 9. Nd4 Bg6 10. Bd2 O-O 11. O-O Nc6 12. Nxc6 bxc6 13. Rfc1 Rb8 14. Qc2 Qb7
15. b3 c5 16. Na4 Rbc8 17. Qb2 Qd7 18. Rd1 d4 19. Rac1 e5 20. Bg5 Qf5 21. Bxf6
Qxf6 22. Qd2 Qa6 23. Rc4 Rfd8 24. Rdc1 Qb5 25. Qc2 f6 26. Nxc5 Bf7 27. Nb7 Bxc4
28. dxc4 Qe8 29. Nxd8 Qxd8 30. Bd5+ Kh8 31. Qf5 Rb8 32. h4 Qa5 33. Be4 g6 34.
Qe6 Qa3 35. Rc2 Bf8 36. c5 Bg7 37. c6 1-0

[Event "10. Longericher Sommer-Open A"]
[Site "?"]
[Date "2013.07.19"]
[Round "1.13"]
[White "Arlt, Klaus"]
[Black "Andrijenko, Anatoliy"]
[Result "1-0"]
[WhiteElo "2034"]
[BlackElo "1914"]
[PlyCount "101"]
[EventDate "2013.??.??"]
[WhiteTeam "SF Köln-Mülheim e.V."]
[BlackTeam "SF Köln-Longerich 195"]

1. c4 Nf6 2. Nc3 g6 3. Nf3 Bg7 4. d4 c6 5. Bg5 d5 6. e3 Bg4 7. Bxf6 Bxf6 8.
cxd5 cxd5 9. Qb3 Bxf3 10. gxf3 Nd7 11. Qxd5 O-O 12. Bb5 Nb6 13. Qxd8 Rfxd8 14.
f4 a6 15. Bd3 Rac8 16. Rc1 Na4 17. Ke2 Nxb2 18. Ne4 Kg7 19. Rxc8 Rxc8 20. Nc5
Nxd3 21. Kxd3 Rc6 22. Rb1 b5 23. Rb3 e6 24. Ra3 Be7 25. Rxa6 Rc7 26. Nb3 b4 27.
Ra4 f6 28. Nc5 Bxc5 29. dxc5 Rxc5 30. Rxb4 Rh5 31. a4 Rxh2 32. Rb2 Rh1 33. Ra2
Rb1 34. a5 Rb8 35. a6 h5 36. a7 Ra8 37. Kc4 h4 38. Kb5 h3 39. Kb6 h2 40. Ra1 g5
41. Rh1 gxf4 42. Rxh2 fxe3 43. Rg2+ Kf7 44. fxe3 Re8 45. Ra2 f5 46. a8=Q Rxa8
47. Rxa8 Kf6 48. Ra5 e5 49. Kc5 Kg5 50. Kd5 f4 51. Kxe5 1-0

[Event "10. Longericher Sommer-Open A"]
[Site "?"]
[Date "2013.07.19"]
[Round "1.14"]
[White "Meyer, Stefan"]
[Black "Leontiev, Oleg"]
[Result "0-1"]
[WhiteElo "1754"]
[BlackElo "1892"]
[PlyCount "78"]
[EventDate "2013.??.??"]
[WhiteTeam "SV Grevenbroich 1953"]
[BlackTeam "Godesberger SK 1929 e.V."]

1. d4 Nf6 2. c4 g6 3. Nc3 d5 4. cxd5 Nxd5 5. e4 Nxc3 6. bxc3 Bg7 7. Nf3 c5 8.
Rb1 O-O 9. Be2 Nc6 10. d5 Ne5 11. Nxe5 Bxe5 12. Qd2 Qa5 13. Rb3 e6 14. f4 Bg7
15. d6 Bd7 16. e5 Bc6 17. O-O b5 18. c4 Qxd2 19. Bxd2 b4 20. Bf3 Rac8 21. Bxc6
Rxc6 22. Bc1 Rd8 23. Bb2 Kf8 24. g4 Ke8 25. f5 a5 26. fxe6 fxe6 27. h4 h6 28.
Rbf3 Rd7 29. Kg2 a4 30. Kf2 a3 31. Bc1 Bxe5 32. Bxh6 Bxd6 33. Ke2 Rh7 34. Bg5
Be7 35. Bxe7 Kxe7 36. Rf6 Rxh4 37. Rxg6 Rh2+ 38. Rf2 Rxf2+ 39. Kxf2 Rd6 0-1

[Event "10. Longericher Sommer-Open A"]
[Site "?"]
[Date "2013.07.19"]
[Round "1.15"]
[White "Herzum, Peter"]
[Black "Runte, Dirk"]
[Result "1-0"]
[WhiteElo "1882"]
[BlackElo "1742"]
[PlyCount "69"]
[EventDate "2013.??.??"]
[WhiteTeam "Düsseldorfer SK 14/25 e."]
[BlackTeam "SV Fideler Bauer Lever"]

1. e4 c5 2. Nf3 d6 3. d4 cxd4 4. Nxd4 Nf6 5. Nc3 g6 6. Be3 Bg7 7. f3 O-O 8. Qd2
Nc6 9. Bc4 Bd7 10. O-O-O Rc8 11. Bb3 Nxd4 12. Bxd4 Qa5 13. Kb1 Qa6 14. h4 b5
15. h5 Be6 16. hxg6 hxg6 17. Nd5 Bxd5 18. Bxd5 e5 19. Be3 Nxd5 20. Qxd5 Qa4 21.
Qd2 Rfd8 22. Bh6 Bf6 23. b3 Qa3 24. Bg5 Bg7 25. Bxd8 Rxd8 26. Qd5 a6 27. Rd3
Bf8 28. g4 Rb8 29. Rc3 Qa5 30. Rc6 Rd8 31. g5 Rb8 32. Rf1 Qd8 33. f4 Qe7 34.
fxe5 dxe5 35. Rxg6+ 1-0

[Event "10. Longericher Sommer-Open A"]
[Site "?"]
[Date "2013.07.19"]
[Round "1.16"]
[White "Rost, Vincent"]
[Black "Lantsman, Boris"]
[Result "1/2-1/2"]
[WhiteElo "1739"]
[BlackElo "1870"]
[PlyCount "61"]
[EventDate "2013.??.??"]
[WhiteTeam "SV Erftstadt e.V."]
[BlackTeam "SF Köln-Longerich 195"]

1. c4 e6 2. Nc3 Nf6 3. g3 Bb4 4. Bg2 O-O 5. Nf3 d5 6. cxd5 exd5 7. a3 Ba5 8. b4
Bb6 9. d4 a5 10. b5 c5 11. dxc5 Bxc5 12. e3 Bg4 13. O-O h6 14. Bb2 Qd6 15. Qd3
Rd8 16. Nd4 Nbd7 17. Nce2 Ne5 18. Qc2 Rac8 19. Qb3 Nc4 20. Rfe1 Re8 21. Nf4
Nxb2 22. Qxb2 Bd7 23. a4 Bb4 24. Rec1 Ne4 25. Qb3 Bc3 26. Ra2 Bxd4 27. Rxc8
Rxc8 28. exd4 Nf6 29. Rc2 Rxc2 30. Qxc2 b6 31. Qb3 1/2-1/2

[Event "10. Longericher Sommer-Open A"]
[Site "?"]
[Date "2013.07.19"]
[Round "1.17"]
[White "Ciesla, Daniel"]
[Black "Gula, Julian"]
[Result "1-0"]
[WhiteElo "1849"]
[BlackElo "1736"]
[PlyCount "79"]
[EventDate "2013.??.??"]
[WhiteTeam "SC Gardez Hermeskeil"]
[BlackTeam "Verein f. Sport u. Freizeit v. 1"]

1. d4 Nf6 2. Nc3 d5 3. Bg5 g6 4. e3 Bg7 5. Bd3 O-O 6. h4 h5 7. Nge2 Nbd7 8.
Bxf6 Nxf6 9. Nf4 c6 10. Qd2 b5 11. Nce2 a5 12. c3 Qd6 13. Bc2 Ne4 14. Bxe4 dxe4
15. Ng3 f5 16. Qc2 b4 17. Qb3+ Kh7 18. Nh3 Bh6 19. Ne2 c5 20. Rd1 a4 21. dxc5
axb3 22. cxd6 bxa2 23. Ra1 exd6 24. cxb4 Be6 25. Nd4 Bc4 26. Kd2 Rfb8 27. Kc3
d5 28. Ng5+ Bxg5 29. hxg5 Bd3 30. Rhc1 Rc8+ 31. Kd2 Rxc1 32. Kxc1 Bb1 33. g3
Rc8+ 34. Kd2 Rc4 35. b5 Kg7 36. b3 Rc8 37. Nc6 Kf7 38. Kc3 Ke6 39. Kb2 Kd6 40.
Nb4 1-0

[Event "10. Longericher Sommer-Open A"]
[Site "?"]
[Date "2013.07.19"]
[Round "1.18"]
[White "Theißen, Frank"]
[Black "de Vivie, Achim"]
[Result "1/2-1/2"]
[WhiteElo "1734"]
[BlackElo "1805"]
[PlyCount "40"]
[EventDate "2013.??.??"]
[WhiteTeam "SF 1974 Heinsberg e.V"]
[BlackTeam "SF Köln-Longerich 195"]

1. e4 e5 2. Nf3 Nf6 3. Nc3 Bb4 4. Nxe5 O-O 5. Be2 Re8 6. Nd3 Bxc3 7. dxc3 Nxe4
8. O-O d5 9. Nf4 Nf6 10. Be3 Nc6 11. Bb5 Bf5 12. Ne2 Bg4 13. Re1 Qd6 14. Qc1 a6
15. Bd3 Rad8 16. Nd4 Ne5 17. Bf5 c5 18. Bxg4 Nexg4 19. Nf3 Nxe3 20. Rxe3 Ng4
1/2-1/2

[Event "10. Longericher Sommer-Open A"]
[Site "?"]
[Date "2013.07.19"]
[Round "1.20"]
[White "Ramien, David"]
[Black "Statz, Samuel"]
[Result "0-1"]
[WhiteElo "1726"]
[BlackElo "1805"]
[PlyCount "44"]
[EventDate "2013.??.??"]
[WhiteTeam "SG Porz e.V."]
[BlackTeam "SV Erftstadt e.V."]

1. e4 e5 2. Nf3 Nc6 3. Bb5 a6 4. Ba4 Nf6 5. Qe2 b5 6. Bb3 Bc5 7. a4 Bb7 8. axb5
axb5 9. Rxa8 Qxa8 10. Qxb5 Nxe4 11. O-O O-O 12. Qe2 Bxf2+ 13. Rxf2 Nxf2 14.
Qxf2 Qa1 15. Ng5 Qxb1 16. Qf1 Nd8 17. h4 Ne6 18. Bxe6 fxe6 19. Qd3 Qxc1+ 20.
Kh2 e4 21. Qxd7 Bd5 22. h5 Qd1 0-1

[Event "10. Longericher Sommer-Open A"]
[Site "?"]
[Date "2013.07.19"]
[Round "1.21"]
[White "Zilberman, Rodion"]
[Black "Brandl, Lea Maria"]
[Result "1/2-1/2"]
[WhiteElo "1794"]
[BlackElo "1715"]
[PlyCount "88"]
[EventDate "2013.??.??"]
[WhiteTeam "SF Köln-Longerich 195"]
[BlackTeam "TSV Schott Mainz"]

1. d4 Nf6 2. c4 g6 3. Nc3 d5 4. Nf3 Bg7 5. Qb3 c6 6. cxd5 Nxd5 7. e4 Nxc3 8.
bxc3 Qb6 9. Bc4 O-O 10. O-O Nd7 11. Be3 Qxb3 12. axb3 Nb6 13. Be2 Be6 14. Rab1
h6 15. c4 Rfd8 16. Rfd1 Kh7 17. d5 cxd5 18. cxd5 Bd7 19. Bc5 Nc8 20. Nd2 e6 21.
dxe6 Bxe6 22. Nc4 Rxd1+ 23. Rxd1 b6 24. Ba3 b5 25. Nd2 a6 26. Bc5 Na7 27. b4
Nc6 28. Nb1 Rc8 29. f4 Bb3 30. Rd7 Nxb4 31. Bxb4 Rc1+ 32. Kf2 Rxb1 33. e5 Rb2
34. Ke3 Be6 35. Rd4 f6 36. exf6 Bxf6 37. Rd6 Rxb4 38. Rxe6 Bd4+ 39. Kd3 a5 40.
Re4 Bc5 41. Rxb4 Bxb4 42. Ke4 a4 43. Bxb5 a3 44. Bc4 Kg7 1/2-1/2

[Event "10. Longericher Sommer-Open A"]
[Site "?"]
[Date "2013.07.19"]
[Round "1.22"]
[White "Karwatzki, Hans-Jürgen"]
[Black "Dijkhuis, Sven"]
[Result "0-1"]
[WhiteElo "1714"]
[BlackElo "1793"]
[PlyCount "62"]
[EventDate "2013.??.??"]
[WhiteTeam "Vereinigung der Schachsportfreun"]
[BlackTeam "Schaakclub Utrecht (NL)"]

1. e4 c5 2. Nc3 e6 3. f4 Nc6 4. Nf3 d5 5. e5 Nge7 6. Bb5 a6 7. Bxc6+ Nxc6 8. d4
b5 9. Ne2 Bb7 10. c3 Rc8 11. O-O cxd4 12. cxd4 b4 13. b3 a5 14. Bb2 Ba6 15. Rf2
Be7 16. Rc1 O-O 17. Ng3 f6 18. Rfc2 Qb6 19. Kh1 fxe5 20. fxe5 Bb5 21. Qd2 h6
22. Ne2 a4 23. Nf4 a3 24. Ba1 Rxf4 25. Qxf4 Bd3 26. Rf2 Rf8 27. Qd2 Be4 28.
Rcf1 Qb5 29. Ne1 Rf5 30. Rxf5 Bxf5 31. Nf3 Qxf1+ 0-1

[Event "10. Longericher Sommer-Open A"]
[Site "?"]
[Date "2013.07.19"]
[Round "1.23"]
[White "Mandt, Joachim"]
[Black "Rieger, Isabelle"]
[Result "1-0"]
[WhiteElo "1788"]
[BlackElo "1712"]
[PlyCount "107"]
[EventDate "2013.??.??"]
[WhiteTeam "Vereinigung der Schachsportfreun"]
[BlackTeam "SV Fideler Bauer Lever"]

1. e4 c5 2. c3 d5 3. exd5 Qxd5 4. d4 cxd4 5. cxd4 Nc6 6. Be3 Nf6 7. Nc3 Qd8 8.
d5 Ne5 9. Bb5+ Ned7 10. Nf3 a6 11. Qa4 g6 12. O-O Bg7 13. Bc4 O-O 14. Qb4 Ne8
15. Bg5 Ndf6 16. Rfe1 Nd6 17. Rad1 Qc7 18. Bb3 Re8 19. Ba4 b5 20. Bb3 a5 21.
Qh4 Nf5 22. Qf4 Qb6 23. Qd2 Bd7 24. Ne5 Rad8 25. h3 h6 26. Bf4 Nh5 27. Bh2 Nd6
28. Qe2 Nf6 29. Qf3 h5 30. Bf4 Bf5 31. Be3 Qb7 32. Nc6 Ra8 33. Qe2 a4 34. Bc2
Nxd5 35. Rxd5 Qxc6 36. Bxf5 Bxc3 37. Rc5 Qb7 38. Rxc3 Nxf5 39. Bf4 Rac8 40.
Rxc8 Rxc8 41. g4 Nh4 42. Qe4 Nf3+ 43. Kf1 Qxe4 44. Rxe4 hxg4 45. hxg4 g5 46.
Be3 Kf8 47. Rb4 Rb8 48. Ke2 Ne5 49. Bxg5 e6 50. Bf4 f6 51. g5 Kf7 52. gxf6 Kxf6
53. Re4 Kf5 54. f3 1-0

[Event "10. Longericher Sommer-Open A"]
[Site "?"]
[Date "2013.07.19"]
[Round "1.24"]
[White "Thierkopf, Guido"]
[Black "Ringeltaube, Denny"]
[Result "1/2-1/2"]
[WhiteElo "1710"]
[BlackElo "1765"]
[PlyCount "45"]
[EventDate "2013.??.??"]
[WhiteTeam "Brühler SK 1920 e.V."]
[BlackTeam "Klub Kölner SF e.V. 1"]

1. e4 c5 2. Nf3 d6 3. Bb5+ Bd7 4. Bxd7+ Nxd7 5. O-O Ngf6 6. Nc3 g6 7. d3 Bg7 8.
Bg5 h6 9. Bd2 e5 10. Qc1 Nf8 11. a4 Ne6 12. a5 Qd7 13. Ne2 Qc6 14. c4 Rb8 15.
Nc3 Nc7 16. Nh4 Ne6 17. Nb5 a6 18. Nc3 Nd4 19. Ra3 b6 20. axb6 Qxb6 21. Be3 Ne6
22. h3 h5 23. Nf3 1/2-1/2

[Event "10. Longericher Sommer-Open A"]
[Site "?"]
[Date "2013.07.19"]
[Round "1.25"]
[White "Alvermann, Christian"]
[Black "Meyer, Henrik"]
[Result "1/2-1/2"]
[WhiteElo "1754"]
[BlackElo "1667"]
[PlyCount "68"]
[EventDate "2013.??.??"]
[WhiteTeam "VfB Schach Leipzig e.V."]
[BlackTeam "SK Turm Euskirchen 65"]

1. e4 e6 2. d3 b6 3. Nf3 Bb7 4. g3 c5 5. Bg2 Nc6 6. Nbd2 Qc7 7. O-O Nf6 8. Nc4
d6 9. Re1 O-O-O 10. a4 d5 11. exd5 exd5 12. Bh3+ Kb8 13. Bf4 Bd6 14. Nxd6 Rxd6
15. Ng5 Rhd8 16. Be6 fxe6 17. Nxe6 Qd7 18. Nxd8 Nxd8 19. Qe2 Kc8 20. Bxd6 Qxd6
21. Qe7 Qc6 22. d4 Qd7 23. f3 cxd4 24. Rad1 Nc6 25. Qf8+ Kc7 26. b4 Qd6 27.
Qxg7+ Kb8 28. b5 Ne5 29. Rf1 d3 30. cxd3 d4 31. Rc1 a5 32. bxa6 Bxa6 33. Qh8+
Ka7 34. Qg7+ Kb8 1/2-1/2

[Event "10. Longericher Sommer-Open A"]
[Site "?"]
[Date "2013.07.20"]
[Round "2.1"]
[White "Pick, Stefan"]
[Black "Rotstein, Arkadij"]
[Result "0-1"]
[WhiteElo "2159"]
[BlackElo "2498"]
[PlyCount "38"]
[EventDate "2013.??.??"]
[WhiteTeam "SK Kerpen 64 e.V."]
[BlackTeam "SG Porz e.V."]

1. Nf3 c5 2. c4 Nc6 3. d4 cxd4 4. Nxd4 Nf6 5. Nc3 e6 6. g3 Bc5 7. Nb3 Bb4 8.
Bg2 b6 9. O-O Ba6 10. Nb5 Rc8 11. f4 d5 12. cxd5 exd5 13. a4 O-O 14. Kh1 Re8
15. Bd2 Qe7 16. Bf3 h5 17. Rc1 h4 18. N3d4 Nxd4 19. Rxc8 Bxb5 0-1